000 00326nam a2200097 4500
008 240223b |||||||| |||| 00| 0 eng d
245 _aQuarterly review of the Economy of Sri Lanka-Vol. 2 no. 4 (October-December 2002
260 _aColombo :
_bInternational centre for ethnic studies
_c2002
650 _aETHNIC STUDIES
942 _cCR
999 _c4808
_d4808